|
|
|
|
| LEADER |
00926cam a2200265 7i4500 |
| 001 |
0000034822 |
| 005 |
20180104090000.0 |
| 007 |
##ta |
| 008 |
180104t20172017nyua b i100 0 eng |
| 020 |
# |
# |
|a 9789211129106
|
| 040 |
# |
# |
|a MATR
|
| 090 |
0 |
0 |
|a AFRI 338.47916
|b ECO
|
| 111 |
2 |
# |
|a United Nations Conference on Trade and Development
|c Geneva, Switzerland)
|d (2017
|
| 245 |
0 |
0 |
|a Economic Development in Africa Report 2017 :
|b Tourism for Transformative and Inclusive Growth.
|
| 264 |
# |
1 |
|a New York:
|b United Nations Publication,
|c 2017.
|
| 264 |
# |
4 |
|a ♭2017.
|
| 300 |
# |
# |
|a x, 192 pages:
|b maps;
|c 21 cm.
|
| 336 |
# |
# |
|a text
|2 rdacontent
|
| 337 |
# |
# |
|a unmediated
|2 rdamedia
|
| 338 |
# |
# |
|a volume
|2 rdacarrier
|
| 504 |
# |
# |
|a Includes bibliographical references
|
| 650 |
# |
0 |
|a Tourism --
|z Africa
|
| 650 |
# |
0 |
|a Economic development --
|z Africa
|
| 700 |
1 |
# |
|a Davis, Junior Roy
|
| 999 |
|
|
|a 0000039656
|b Book
|c Regions
|e Business Information Centre
|